Matrix isolation spectroscopy : [proceedings of the NATO Advanced Study Institute ... ] /

Bibliographic Details
Corporate Author: NATO Advanced Study Institute
Other Authors: Barnes, A. J.
Format: Conference Proceeding Book
Language:English
Published: Dordrecht, Holland ; Boston : [Brussels] : D. Reidel Pub. Co. ; NATO Scientific Affairs Division ; [1981]
Series:NATO advanced study institutes series. Mathematical and physical sciences ; v. 76.
Subjects:

MARC

Tag First Indicator Second Indicator Subfields
LEADER 00000cam a22000008a 4500
001 in00000072099
005 20151008062539.0
008 810720s1981 ne a b 10100 eng
010 |a  81011972  
020 |a 9027713286 
035 |a (OCoLC)07672135 
035 |9 AAK0459AM 
039 0 |a 2  |b 3  |c 3  |d 3  |e 3 
040 |a DLC  |c DLC  |d TXA  |d UtOrBLW 
049 |a TXAM  |c [1406786] 
050 0 0 |a QC454.M32  |b M37 1981 
082 0 |a 543/.0858  |2 19 
245 0 0 |a Matrix isolation spectroscopy :  |b [proceedings of the NATO Advanced Study Institute ... ] /  |c edited by A.J. Barnes [and others]. 
263 |a 8109 
264 1 |a Dordrecht, Holland ;  |a Boston :  |b D. Reidel Pub. Co. ;  |a [Brussels] :  |b NATO Scientific Affairs Division ;  |c [1981] 
264 2 |a Hingham, MA :  |b Sold and distributed in the U.S.A. and Canada by Kluwer Boston Inc., 
264 4 |c ©1981 
300 |a x, 605 pages :  |b illustrations ;  |c 25 cm. 
336 |a text  |b txt  |2 rdacontent 
337 |a unmediated  |b n  |2 rdamedia 
338 |a volume  |b nc  |2 rdacarrier 
490 1 |a NATO advanced study institutes series. Series C, Mathematical and physical sciences ;  |v v. 76 
500 |a "A book based on the lectures given and the discussions that took place at the NATO Advanced Study Institute held at the Universite des Sciences et Techniques du Languedoc, Montpellier, France, July 17-31, 1980." 
504 |a Includes bibliographical references and indexes. 
650 0 |a Matrix isolation spectroscopy  |x Congresses. 
700 1 |a Barnes, A. J. 
711 2 |a NATO Advanced Study Institute. 
830 0 |a NATO advanced study institutes series.  |n Series C,  |p Mathematical and physical sciences ;  |v v. 76. 
999 |a MARS 
999 f f |s f64d240d-2697-3d23-b108-8e319c531dc5  |i 01d0baff-11ea-3330-bc07-85d3200f36a5  |t 0 
952 f f |p normal  |a Texas A&M University  |b College Station  |c Sterling C. Evans Library  |d Evans: Library Stacks  |t 0  |e QC454.M32 M37 1981  |h Library of Congress classification  |i unmediated -- volume  |m A14806208653 
998 f f |a QC454.M32 M37 1981  |t 0  |l Evans: Library Stacks